WNBA Draft numéro 1 - Statistiques

Statistiques générales
  • Ce quiz a été pris 25 fois
  • Le résultat moyen est 8 sur 29
Statistiques - réponses
Date Equipe Joueuse % Correct
2024 Indiana Fever Caitlin Clark
95%
2025 Dallas Wings Paige Bueckers
95%
2018 Las Vegas Aces A'ja Wilson
68%
2016 Seattle Storm Breanna Stewart
58%
2020 New York Liberty Sabrina Ionescu
53%
2002 Seattle Storm Sue Bird
53%
2023 Indiana Fever Aliyah Boston
47%
2004 Phoenix Mercury Diana Taurasi
47%
2013 Phoenix Mercury Brittney Griner
42%
2011 Minnesota Lynx Maya Moore
42%
2017 San Antonio Stars Kelsey Plum
37%
2008 Los Angeles Sparks Candace Parker
32%
2019 Las Vegas Aces Jackie Young
32%
2022 Atlanta Dream Rhyne Howard
32%
2021 Dallas Wings Charli Collier
16%
2014 Connecticut Sun Chiney Ogwumike
16%
2003 Cleveland Rockers LaToya Thomas
16%
2012 Los Angeles Sparks Nneka Ogwumike
16%
2010 Connecticut Sun Tina Charles
16%
2009 Atlanta Dream Angel McCoughtry
11%
2015 Seattle Storm Jewell Loyd
11%
1997 Houston Comets Tina Thompson
11%
2006 Minnesota Lynx Seimone Augustus
5%
2000 Cleveland Rockers Ann Wauters
0%
1999 Washington Mystics Chamique Holdsclaw
0%
2005 Charlotte Sting Janel McCarville
0%
2001 Seattle Storm Lauren Jackson
0%
2007 Minnesota Lynx Lindsey Harding
0%
1998 Utah Starzz Malgorzata Dydek
0%
Aucun quiz correspondant
Distribution des résultats
% des personnes avec chaque résultat
Percentile par nombre de réponses
Votre historique - résultats
Vous n’avez pas pris ce quiz